000 00526nam a2200145 a 4500
001 000026150
005 20200930024339.0
008 110303s1998 dr ac 000 0 spa d
040 _aDO-SdBNP
_bspa
_cBNPHU
245 0 0 _aMunícipes distinguidos :
_b1995,1996,1997,1998 por resolución de la Sala Capitular del Ayuntamiento del Ditrito Nacional.
260 _aSanto Domingo :
_bAyuntamiento del Ditrito Nacional,
_c1998.
_fEditora Collado
300 _a179 p. ;
_c28 cm.
500 _aGobierno Municipal 1994-1998
049 _aBNPD
999 _c25642
_d25642